|
|
|
|
| LEADER |
00951nam a2200253 u 4500 |
| 001 |
10046381 |
| 003 |
upatras |
| 005 |
20210117200226.0 |
| 008 |
030407s1999 uk eng |
| 020 |
|
|
|a 0198207166
|
| 040 |
|
|
|a GR-PaULI
|c GR-PaULI
|
| 041 |
0 |
|
|a eng
|
| 082 |
0 |
4 |
|a 320.01
|
| 100 |
1 |
|
|a Kempshall, M. S.
|9 37388
|
| 245 |
1 |
0 |
|a The common good in late medieval political thought
|c M. S. Kempshall
|
| 260 |
|
|
|a Oxford
|b Clarendon Press
|c 1999
|
| 300 |
|
|
|a viii, 401 p.
|c 24 cm.
|
| 504 |
|
|
|a Includes bibliographical references and index
|
| 650 |
|
4 |
|9 688
|a Πολιτική επιστήμη
|x Φιλοσοφία
|
| 852 |
|
|
|a GR-PaULI
|b ΠΑΤΡΑ
|b ΦΙΛΟΣΟΦΙΑ
|k ΑΣΧΞ-4
|h 320.01 Κ
|m 3723
|p 025000102691
|t 1
|
| 942 |
|
|
|2 ddc
|c BK15
|
| 952 |
|
|
|0 0
|1 0
|4 0
|6 320_010000000000000_Κ
|7 0
|9 36298
|a PHIL
|b PHIL
|d 2016-04-24
|i 3723
|l 0
|o 320.01 Κ
|p 025000102691
|r 2016-04-24 00:00:00
|t 1
|w 2016-04-24
|y BK15
|
| 998 |
|
|
|c ΜΠΟΜΠΑ
|d 2003-04
|
| 999 |
|
|
|c 23226
|d 23226
|